000 00718nam a22002417a 4500
001 BH32746
003 ES-SlBCS
005 20260619082422.0
008 260619s1766 it ||||| |||| 001 0 lat d
040 _aES-SlBCS
_bspa
041 _alat
_hlat
100 0 _aHoracio Flaco, Quinto
_9166
_d (68-8 a.C.)
245 1 _aQuinti Horatii Flacci . Opera
250 _arecensita et emendata
260 _aVenetiis :
_bEx Typographia Balleoniana
_c, 1766
300 _a[8], 243, p. :
_b15 cm
500 _aGrabado en portada calcográfico
561 _aConvento de Jerez
650 _aClásicos latinos
_vPoesía latina
_92227
650 _yObras anteriores a 1800
_93734
752 _aItalia
_dVenecia
942 _2lcc
_cLA
999 _c18516
_d21747